00821cam a22002295a 450000100070000000500170000700800410002402000150006504000330008008200240011310000210013724500650015826000390022330000360026250400530029865000360035165300300038790600450041794200080046299900170047095201040048734515120180320140317.0760616s1976 nyua b 001 0 eng  a0060411066 aDLCcDLCdDLCdEG-ScBUEbeng04a301.360973222bBUT1 aButler, Edgar W.10aUrban sociology :ba systematic approach /cEdgar W. Butler. aNew York :bHarper & Row,cc.1976. axviii, 526 p. :bill. ;c24 cm. aIncludes bibliographical references and indexes. 7aSociology, Urban.2BUEsh913207 bGGENbHHUUPPSScMarch2018 a7bcbccorignewd1eocipf19gy-gencatlg 2ddc c26367d26339 00102ddc4070aMAINbMAINc1STd2018-03-20l0o301.360973 BUTp000047467r2025-07-15 00:00:00yBB